[Event "Chernigov"]
[Site "Chernigov"]
[Date "2005.01.31"]
[Round "12"]
[White "Fiodorov, Mikhail"]
[Black "Chokhonelidze, Giorgi"]
[Result "0-1"]
[WhiteElo "2185"]
[BlackElo "2300"]
[PlyCount "102"]
[EventDate "2005.01.22"]
[EventType "tourn"]
[EventRounds "15"]
[EventCountry "UKR"]
[EventCategory "3"]
[SourceTitle "CBM 104 Extra"]
[Source "ChessBase"]
[SourceDate "2005.03.01"]
[SourceVersion "1"]
[SourceVersionDate "2005.03.01"]
[SourceQuality "1"]

1. d4 Nf6 2. c4 e6 3. Nf3 c5 4. d5 exd5 5. cxd5 d6 6. Nc3 g6 7. Nd2 Bg7 8. e4 0-0 9. Be2 Na6 10. 0-0 Re8 11. f3 Nc7 12. a4 b6 13. Nc4 Ba6 14. Bf4 Bxc4 15. Bxc4 a6 16. Qd2 Rb8 17. Rfe1 b5 18. axb5 axb5 19. Bf1 b4 20. Na4 Nb5 21. Bxb5 Rxb5 22. Rab1 Qe7 23. h3 Ra8 24. b3 Nh5 25. Be3 Qh4 26. Bf2 Qf6 27. Be3 Qd8 28. Rbc1 Qh4 29. Bf2 Qe7 30. Rc2 Qe5 31. Be3 Qg3 32. Bf2 Qf4 33. Be3 Qh4 34. Bf2 Qd8 35. Be3 Rba5 36. Rec1 Be5 37. Ra2 Qh4 38. Bf2 Qd8 39. Be3 Ng3 40. f4 Bg7 41. e5 dxe5 42. Bxc5 Ne4 43. Qxb4 Nxc5 44. Rxc5 Bf8 45. Rac2 Bxc5+ 46. Rxc5 Rxc5 47. Qxc5 exf4 48. d6 Rc8 49. Qd4 Rc1+ 50. Kh2 Qh4 51. Qd3 Qe1 0-1

[Event "Chernigov"]
[Site "Chernigov"]
[Date "2005.01.30"]
[Round "10"]
[White "Tihonov, Jurij"]
[Black "Chokhonelidze, Giorgi"]
[Result "1/2-1/2"]
[WhiteElo "2454"]
[BlackElo "2300"]
[PlyCount "80"]
[EventDate "2005.01.22"]
[EventType "tourn"]
[EventRounds "15"]
[EventCountry "UKR"]
[EventCategory "3"]
[SourceTitle "CBM 104 Extra"]
[Source "ChessBase"]
[SourceDate "2005.03.01"]
[SourceVersion "1"]
[SourceVersionDate "2005.03.01"]
[SourceQuality "1"]

1. d4 Nf6 2. c4 c5 3. d5 e6 4. Nc3 exd5 5. cxd5 d6 6. e4 g6 7. f4 Bg7 8. Bb5+ Nfd7 9. a4 Qh4+ 10. g3 Qe7 11. Nf3 0-0 12. 0-0 Na6 13. Re1 Nb4 14. Bf1 Re8 15. Bg2 b6 16. Nb5 Nf6 17. e5 Nfxd5 18. Nxd6 Rf8 19. h3 Rb8 20. Bf1 Bd7 21. Bd2 Bc6 22. Qb3 a6 23. Rac1 Qa7 24. Nd4 cxd4 25. Bxb4 Nxb4 26. Qxb4 Ba8 27. Qxd4 Rbd8 28. Bg2 Bxg2 29. Kxg2 Qa8+ 30. Kh2 b5 31. axb5 axb5 32. Rc7 Qf3 33. Qe3 Qxe3 34. Rxe3 f6 35. exf6 Bxf6 36. Re6 Bxb2 37. Nxb5 Rd2+ 38. Kg1 Ra8 39. Re1 Kf8 40. Rxh7 Ra2 1/2-1/2

[Event "Nabokov Memorial 2nd"]
[Site "Kiev"]
[Date "2004.04.21"]
[Round "11"]
[White "Chokhonelidze, Giorgi"]
[Black "Berezin, Viktor1111"]
[Result "1/2-1/2"]
[WhiteElo "2339"]
[BlackElo "2371"]
[PlyCount "32"]
[EventDate "2004.04.12"]
[EventType "tourn"]
[EventRounds "11"]
[EventCountry "UKR"]
[EventCategory "4"]
[SourceTitle "CBM 099 Extra"]
[Source "ChessBase"]
[SourceDate "2004.05.04"]
[SourceVersion "1"]
[SourceVersionDate "2004.05.04"]
[SourceQuality "1"]

1. d4 Nf6 2. c4 g6 3. Nc3 Bg7 4. e4 d6 5. Nf3 0-0 6. Be2 e5 7. 0-0 Nc6 8. d5 Ne7 9. Ne1 Nd7 10. f3 f5 11. Be3 f4 12. Bf2 g5 13. Nd3 Nf6 14. c5 Rf7 15. Re1 Bf8 16. cxd6 cxd6 1/2-1/2

[Event "Nabokov Memorial 2nd"]
[Site "Kiev"]
[Date "2004.04.17"]
[Round "7"]
[White "Chokhonelidze, Giorgi"]
[Black "Solomaha, Andrey"]
[Result "1/2-1/2"]
[WhiteElo "2339"]
[BlackElo "2384"]
[PlyCount "45"]
[EventDate "2004.04.12"]
[EventType "tourn"]
[EventRounds "11"]
[EventCountry "UKR"]
[EventCategory "4"]
[SourceTitle "CBM 099 Extra"]
[Source "ChessBase"]
[SourceDate "2004.05.04"]
[SourceVersion "1"]
[SourceVersionDate "2004.05.04"]
[SourceQuality "1"]

1. Nf3 Nf6 2. g3 g6 3. Bg2 Bg7 4. 0-0 0-0 5. d3 d6 6. Nbd2 e5 7. e4 Nc6 8. Nc4 h6 9. h3 Be6 10. Ne3 d5 11. exd5 Nxd5 12. Re1 Nxe3 13. Bxe3 Bd5 14. Qd2 Kh7 15. Bc5 Re8 16. c4 Be6 17. Rad1 Qd7 18. Kh2 Rad8 19. b4 b6 20. Be3 Nd4 21. Bxd4 exd4 22. Ne5 Bxe5 23. Rxe5 1/2-1/2

[Event "Nabokov Memorial 2nd"]
[Site "Kiev"]
[Date "2004.04.16"]
[Round "5"]
[White "Chokhonelidze, Giorgi"]
[Black "Matorin, Evgeny"]
[Result "1/2-1/2"]
[WhiteElo "2339"]
[BlackElo "2307"]
[PlyCount "37"]
[EventDate "2004.04.12"]
[EventType "tourn"]
[EventRounds "11"]
[EventCountry "UKR"]
[EventCategory "4"]
[SourceTitle "CBM 099 Extra"]
[Source "ChessBase"]
[SourceDate "2004.05.04"]
[SourceVersion "1"]
[SourceVersionDate "2004.05.04"]
[SourceQuality "1"]

1. e4 e5 2. Nf3 Nc6 3. Bb5 a6 4. Ba4 Nf6 5. 0-0 b5 6. Bb3 Be7 7. c3 0-0 8. Re1 d6 9. d3 Nd7 10. d4 Bf6 11. d5 Ne7 12. Nbd2 g6 13. Nf1 Bg7 14. a4 Bb7 15. axb5 axb5 16. Rxa8 Qxa8 17. Qe2 c6 18. dxc6 Bxc6 19. N3d2 1/2-1/2

[Event "Nerezine 3rd"]
[Site "Nerezine"]
[Date "2002.08.28"]
[Round "6"]
[White "Vajda, Albert"]
[Black "Chokhonelidze, Giorgi"]
[Result "1-0"]
[WhiteElo "2395"]
[BlackElo "2378"]
[PlyCount "85"]
[EventDate "2002.08.25"]
[EventType "tourn"]
[EventRounds "11"]
[EventCountry "BUL"]
[EventCategory "3"]
[SourceTitle "EXT 2006"]
[Source "ChessBase"]
[SourceDate "2005.11.24"]
[SourceVersion "1"]
[SourceVersionDate "2005.11.24"]
[SourceQuality "1"]

1. d4 Nf6 2. Nf3 c5 3. e3 e6 4. c4 cxd4 5. exd4 d5 6. Nc3 Be7 7. cxd5 exd5 8. Bd3 0-0 9. h3 Nc6 10. 0-0 Re8 11. a3 h6 12. Re1 a6 13. Bf4 Be6 14. Bc2 Bf8 15. Qd2 Rc8 16. Rac1 Nh5 17. Bh2 Nf6 18. Be5 Nd7 19. Ne2 Qa5 20. Qd1 Ndxe5 21. dxe5 Qb6 22. Nf4 Ne7 23. Nd4 Bd7 24. Qd3 Ng6 25. Nxd5 Qxb2 26. e6 Bxe6 27. Rb1 Qxa3 28. Nxe6 Rxe6 29. Rxe6 Qxd3 30. Bxd3 fxe6 31. Nb6 Nf4 32. Nxc8 Nxd3 33. Rxb7 Bc5 34. Kf1 Nxf2 35. Nd6 Nd3 36. Ne4 Bd4 37. Rd7 e5 38. Nd6 Nc5 39. Re7 g6 40. Ke2 a5 41. Nb5 Bb2 42. Rc7 Nb3 43. Kd3 1-0

[Event "Nerezine 3rd"]
[Site "Nerezine"]
[Date "2002.08.27"]
[Round "5"]
[White "Chokhonelidze, Giorgi"]
[Black "Stajner, Samo"]
[Result "1/2-1/2"]
[WhiteElo "2378"]
[BlackElo "2073"]
[PlyCount "46"]
[EventDate "2002.08.25"]
[EventType "tourn"]
[EventRounds "11"]
[EventCountry "BUL"]
[EventCategory "3"]
[SourceTitle "EXT 2006"]
[Source "ChessBase"]
[SourceDate "2005.11.24"]
[SourceVersion "1"]
[SourceVersionDate "2005.11.24"]
[SourceQuality "1"]

1. Nf3 c5 2. b3 Nf6 3. Bb2 e6 4. g3 b6 5. Bg2 Bb7 6. 0-0 Be7 7. c4 0-0 8. d3 d6 9. Nbd2 Nbd7 10. Rc1 Qc7 11. Rc2 Rad8 12. Qa1 Bc6 13. a3 Qb7 14. b4 a6 15. Rb1 Qa8 16. Nf1 Ne8 17. Ne3 Bf6 18. Bxf6 Nexf6 19. bxc5 bxc5 20. Qc3 Rb8 21. Rcb2 Rxb2 22. Rxb2 Rb8 23. Nd2 Bxg2 1/2-1/2

[Event "Kiev Independence Cup-B 2nd"]
[Site "Kiev"]
[Date "2002.07.30"]
[Round "4"]
[White "Moliboga, Vladimir"]
[Black "Chokhonelidze, Giorgi"]
[Result "0-1"]
[WhiteElo "2295"]
[BlackElo "2378"]
[PlyCount "67"]
[EventDate "2002.07.??"]
[EventType "swiss"]
[EventRounds "9"]
[EventCountry "UKR"]
[SourceTitle "EXT 2003"]
[Source "ChessBase"]
[SourceDate "2002.11.25"]
[SourceVersion "1"]
[SourceVersionDate "2002.11.25"]
[SourceQuality "1"]

1. e4 c5 2. Nf3 d6 3. d4 Nf6 4. Nc3 Qa5 5. Qd2 cxd4 6. Nxd4 g6 7. Nd5 Qxd2+ 8. Bxd2 Nxd5 9. exd5 Bg7 10. Nb5 Na6 11. 0-0-0 Bf5 12. Re1 Kd7 13. Bc3 Bxc3 14. Nxc3 Nc7 15. h4 Rac8 16. Rd1 a6 17. Be2 Nb5 18. Bxb5+ axb5 19. Rd4 Rc4 20. Rxc4 bxc4 21. f3 h5 22. a4 Rg8 23. Kd2 Kc7 24. a5 g5 25. Nd1 Bd7 26. Ne3 e5 27. Nxc4 gxh4 28. Ne3 h3 29. gxh3 Rg3 30. Ke2 Bxh3 31. Kf2 h4 32. Rh2 f5 33. Nd1 f4 34. Nc3 0-1